00701nam a22002057a 450000500170000001000270001702000260004403500130007003500140008303700130009708200120011024501130012226000500023527000530028530000300033849000520036850000340042070000210045470000200047520230201151324.0 aENG-116372 ENG-136090 a9789350980361c947.00 aEN-99904 aEN-119622 bDBAD/PUB a338.951 aRise of China and India :bimplications for the Asia pacific/cedited by Amitabh Mattoo [and] Mallika Joseph aDelhibManohar Publishers & Distibutorsc2014 a4753/23 Ansari Road,DaryaganjbNew Delhie110002 a338p. :c22cm(Hb)b(maps) aAstralia India Institute Forign Policy series 1 aIncludes references and index a Mattoo,Amitabh  aJoseph,Mallika